00845nam a2200241 a 4500999001500000001000500015003000900020005001700029008004100046040003800087082002400125245008000149260004500229300002200274504004100296505001100337650004300348700002400391700001900415710002700434942001500461952012700476 c1857d18579572BD-DhUAP20210127093759.0200216s1992 bg b 00| 0 eng d aBD-DhUAPcBD-DhUAPbEngdBD-DhUAP00223a348.5492046 BAN aBangladesh legal decisions /cedited by Shahabuddin Ahmad and Sultan Ahmad. aDhaka :bBangladesh bar council,cc1990. avolumes ;c24 cm. aIncludes bibliographical references. aV.10-- aLaw reports, digests, etczBangladesh. aAhmad, Shahabuddin  aAhmad, Sultan  aBangladesh Bar Council00012ddccBK 00102ddc4070aUAPCLbUAPCLcGeneral Stacksd2020-02-17o348.5492046 BAN V-10p3010009572r2020-02-17t1w2020-02-17yBK